000 00433nam a2200133Ia 4500
008 191111s9999 xx 000 0 und d
020 _a9780262028783
100 _aBrown, Barry.
245 _cBarry Brown, Oskar Juhlin.--
_aEnjoying machines /
260 _aUSA :
_bMassachusetts Institute of Technology
_c2015
300 _aviii, 219 pages.
650 _aTechnology -- psychological aspects
650 _aTechnology -- social aspects
999 _c362606
_d362606